[Event "USCL San Francisco vs New York"]
[Site "Internet Chess Club"]
[Date "2007.09.10"]
[Round "3"]
[White "Pruess, David"]
[Black "Bonin, Jay"]
[Result "0-1"]
[WhiteElo "2448"]
[BlackElo "2360"]
[PlyCount "86"]
[EventDate "2007.??.??"]

1. e4 c5 2. Nf3 Nc6 3. d4 cxd4 4. Nxd4 e5 5. Nb5 d6 6. N1c3 a6 7. Na3 Be6 8.
Nc4 Rc8 9. Be3 Nd4 10. Bxd4 Bxc4 11. Bxc4 Rxc4 12. Be3 Be7 13. Qd3 Rc6 14. O-O
h6 15. Nd5 Nf6 16. c4 O-O 17. f3 Nxd5 18. Qxd5 Bg5 19. Bf2 Qe7 20. Rad1 Rfc8
21. b3 h5 22. Rd3 h4 23. h3 Bf4 24. Rfd1 b5 25. cxb5 axb5 26. Qxb5 Rc2 27. Rxd6
Rxf2 28. Rc6 Rxc6 29. Qxc6 Be3 30. Qc8+ Kh7 31. Kh2 Qg5 32. Qg4 Rxa2 33. Rb1
Qf4+ 34. Kh1 Qxg4 35. hxg4 Kh6 36. Kh2 Kg5 37. Kh3 Kf4 38. b4 g5 39. b5 Bb6 40.
Kh2 h3 41. Kxh3 Ra8 42. g3+ Kxf3 43. Rf1+ Bf2 0-1

[Event "USCL San Francisco vs New York"]
[Site "Internet Chess Club"]
[Date "2007.09.10"]
[Round "3"]
[White "Herman, Matt"]
[Black "Young, Gregory"]
[Result "0-1"]
[WhiteElo "2171"]
[BlackElo "2127"]
[PlyCount "82"]
[EventDate "2007.??.??"]

1. e4 c5 2. Nf3 Nc6 3. d4 cxd4 4. Nxd4 g6 5. c4 Bg7 6. Nc2 Nf6 7. Nc3 d6 8. Be2
Be6 9. Be3 Nd7 10. Qd2 a5 11. O-O O-O 12. Rac1 Nc5 13. f3 a4 14. Rfd1 Qa5 15.
Kh1 Rfd8 16. Bf1 Rac8 17. Na3 Qb4 18. Qf2 Na5 19. Bd4 Bxd4 20. Rxd4 Nc6 21. Rd2
f6 22. h3 Kg7 23. f4 Qb6 24. Re1 Ra8 25. Nd5 Qa5 26. Nb5 Rd7 27. Nbc3 Rf8 28.
Re3 Rg8 29. h4 Bf7 30. Nb5 Nb4 31. e5 fxe5 32. fxe5 Rf8 33. Rf3 Nxd5 34. Rxd5
Ne4 35. Qd4 Bxd5 36. cxd5 Rxf3 37. gxf3 Ng3+ 38. Kg2 Nf5 39. Qf4 Qe1 40. e6 Rd8
41. Qxa4 Ne3+ 0-1

[Event "USCL Philadelphia vs Boston"]
[Site "Internet Chess Club"]
[Date "2007.09.12"]
[Round "3"]
[White "Yeager, Daniel"]
[Black "Shmelov, Denys"]
[Result "0-1"]
[WhiteElo "2313"]
[BlackElo "2391"]
[PlyCount "54"]
[EventDate "2007.??.??"]

1. d4 Nf6 2. c4 e6 3. g3 c5 4. d5 exd5 5. cxd5 d6 6. Nc3 g6 7. Nf3 Bg7 8. Bg2
O-O 9. O-O a6 10. a4 Nbd7 11. Nd2 Qc7 12. Nc4 Nb6 13. Na3 Bd7 14. a5 Nc8 15.
Nc4 Bb5 16. Qb3 Bxc4 17. Qxc4 b5 18. axb6 Nxb6 19. Qd3 Rfe8 20. Ra2 c4 21. Qc2
Nfd7 22. e4 Nc5 23. Be3 Nd3 24. Ra3 Nd7 25. b3 Rec8 26. Ne2 Nb4 27. Qxc4 Qb7
0-1

[Event "USCL Baltimore vs New Jersey"]
[Site "Internet Chess Club"]
[Date "2007.09.12"]
[Round "3"]
[White "Lunna, Todd"]
[Black "Rouleau, John"]
[Result "1/2-1/2"]
[WhiteElo "2240"]
[BlackElo "2301"]
[PlyCount "130"]
[EventDate "2007.??.??"]

1. e4 e5 2. Nf3 Nc6 3. Bb5 a6 4. Bxc6 dxc6 5. Nc3 Qd6 6. d4 exd4 7. Qxd4 Bg4 8.
Be3 Bxf3 9. gxf3 Qxd4 10. Bxd4 Ne7 11. Rd1 Ng6 12. a3 f6 13. Be3 Bd6 14. h4 h5
15. Ne2 f5 16. exf5 Ne7 17. Nd4 O-O 18. Rg1 Nxf5 19. Nxf5 Rxf5 20. Rg5 Raf8 21.
Ke2 Be7 22. Rxf5 Rxf5 23. Rd7 Bxh4 24. Rxc7 Rf7 25. Rc8+ Kh7 26. b3 Kg6 27. Rh8
Be7 28. a4 Rf8 29. Rxf8 Bxf8 30. Kf1 Kf5 31. Kg2 b5 32. Bd4 bxa4 33. bxa4 c5
34. Bb2 c4 35. Bd4 g6 36. Kg3 Bd6+ 37. Kg2 Ke6 38. Bc3 Kd5 39. Kf1 Be5 40. Bb4
c3 41. Ba5 Kc4 42. Kg2 Bd6 43. Kf1 Be7 44. Kg2 h4 45. Kh3 Bb4 46. Bd8 Bc5 47.
Bxh4 Kb4 48. Bf6 Bxf2 49. Kg4 Be3 50. f4 Bd2 51. Kg5 Ka3 52. Kxg6 Kb2 53. f5
Kxc2 54. Be7 Kb3 55. f6 c2 56. f7 Bh6 57. Kxh6 c1=Q+ 58. Kg7 Qg1+ 59. Kf6 Qf2+
60. Ke6 Qe3+ 61. Kf6 Qh6+ 62. Kf5 Qh7+ 63. Kf6 Qh4+ 64. Ke6 Qc4+ 65. Kf6 Qxf7+
1/2-1/2

[Event "USCL Baltimore vs New Jersey"]
[Site "Internet Chess Club"]
[Date "2007.09.12"]
[Round "3"]
[White "Rohonyan, Katerina"]
[Black "Shen, Victor"]
[Result "1-0"]
[WhiteElo "2291"]
[BlackElo "2250"]
[PlyCount "85"]
[EventDate "2007.??.??"]

1. e4 c5 2. Nf3 e6 3. d4 cxd4 4. Nxd4 Nc6 5. Nxc6 bxc6 6. Bd3 d5 7. O-O Nf6 8.
Nd2 Be7 9. c4 O-O 10. Qc2 h6 11. b3 Bb7 12. Bb2 Nd7 13. Rad1 Qb8 14. Nf3 a5 15.
Qe2 a4 16. Bb1 Re8 17. Qc2 Nf8 18. Ne5 Bf6 19. f4 Qa7+ 20. Kh1 axb3 21. axb3
dxc4 22. bxc4 Ba6 23. Rf3 Bxe5 24. Bxe5 Qc5 25. Qb2 Rad8 26. Rc1 Qxc4 27. Bxg7
Qa4 28. Bc2 Qb5 29. Rb3 Qe2 30. Bxh6 e5 31. Rg3+ Kh7 32. Bxf8 Rb8 33. Qc3 Rxf8
34. Rh3+ Kg6 35. Qg3+ Kf6 36. Qg5+ Ke6 37. Rh6+ Kd7 38. Qf5+ Kc7 39. Qxe5+ Kb7
40. Qe7+ Ka8 41. Ba4 Bb5 42. Bxb5 Qxb5 43. Ra1+ 1-0

[Event "USCL Philadelphia vs Boston"]
[Site "Internet Chess Club"]
[Date "2007.09.12"]
[Round "3"]
[White "Kudrin, Sergey"]
[Black "Perelshteyn, Eugene"]
[Result "1/2-1/2"]
[WhiteElo "2605"]
[BlackElo "2615"]
[PlyCount "92"]
[EventDate "2007.??.??"]

1. e4 e5 2. Nf3 Nc6 3. Bc4 Nf6 4. d3 Be7 5. O-O O-O 6. Re1 d6 7. a4 Be6 8. Nbd2
Qd7 9. c3 Rfe8 10. a5 a6 11. Nf1 d5 12. Bb3 dxe4 13. dxe4 Qxd1 14. Bxd1 h6 15.
Ba4 Bd6 16. b4 Red8 17. Ng3 Ne8 18. Nf5 f6 19. Ne3 Bf8 20. Nd2 Nd6 21. Bb2 Rac8
22. Red1 Kf7 23. f3 h5 24. Bb3 Bxb3 25. Nxb3 Ne8 26. Kf2 Rxd1 27. Rxd1 Rd8 28.
Rxd8 Nxd8 29. Nc4 Ne6 30. Bc1 Nd6 31. Nxd6+ Bxd6 32. Be3 g6 33. Ke2 Ke8 34. Kd3
Kd7 35. Kc4 c6 36. Nc1 Be7 37. Nd3 Bd6 38. Nb2 Bc7 39. Nd3 Bd6 40. g3 f5 41.
Bd2 Ke7 42. Be3 Kd7 43. Bh6 Ke7 44. Be3 Kd7 45. Bh6 Ke7 46. Be3 Kd7 1/2-1/2

[Event "USCL Queens vs Dallas"]
[Site "Internet Chess Club"]
[Date "2007.09.12"]
[Round "3"]
[White "Zhao, Parker"]
[Black "Stopa, Jacek"]
[Result "1/2-1/2"]
[WhiteElo "2227"]
[BlackElo "2433"]
[PlyCount "96"]
[EventDate "2007.??.??"]

1. e4 g6 2. d4 Bg7 3. Nc3 c6 4. Bc4 b5 5. Bb3 a5 6. a3 Ba6 7. Qf3 e6 8. e5 f5
9. Nge2 Ne7 10. h4 h6 11. Nf4 Qc8 12. Nxg6 Nxg6 13. Qh5 O-O 14. Qxg6 Qe8 15.
Qg3 Kh7 16. h5 Rg8 17. Qf3 Bf8 18. Ne2 Ra7 19. Be3 Rc7 20. Nf4 c5 21. dxc5 Nc6
22. Ng6 Bg7 23. Qf4 Rb7 24. Rd1 a4 25. Ba2 b4 26. g4 Rf8 27. Nxf8+ Qxf8 28.
gxf5 Bxe5 29. Qe4 exf5 30. Rxd7+ Rxd7 31. Qxc6 Bc8 32. Rg1 Bg7 33. Qg6+ Kh8 34.
Be6 Re7 35. Bxc8 Qxc8 36. Qd6 Qe8 37. Rg6 bxa3 38. bxa3 Rxe3+ 39. fxe3 Qxe3+
40. Kf1 Qf3+ 41. Kg1 Qe3+ 42. Kf1 Qf3+ 43. Kg1 Qe3+ 44. Kg2 Qe2+ 45. Kg1 Qe3+
46. Kf1 Qf3+ 47. Kg1 Qe3+ 48. Kf1 Qf3+ 1/2-1/2

[Event "USCL Philadelphia vs Boston"]
[Site "Internet Chess Club"]
[Date "2007.09.12"]
[Round "3"]
[White "Williams, Chris"]
[Black "Wilson, Elvin"]
[Result "1-0"]
[WhiteElo "2241"]
[BlackElo "2240"]
[PlyCount "77"]
[EventDate "2007.??.??"]

1. e4 e6 2. d4 d5 3. Nd2 c5 4. Ngf3 cxd4 5. exd5 Qxd5 6. Bc4 Qd6 7. O-O Nf6 8.
Nb3 Nc6 9. Nbxd4 Nxd4 10. Nxd4 a6 11. Bg5 Qc5 12. Bxf6 gxf6 13. Qd3 Bd7 14. b4
Qh5 15. Rad1 O-O-O 16. Bxa6 Bd6 17. g3 Bc7 18. Qe4 Qd5 19. Qxd5 exd5 20. Be2
Be6 21. Rfe1 Rd6 22. a4 Rdd8 23. a5 Bb8 24. Bh5 Rd6 25. b5 Ba7 26. b6 Bb8 27.
f4 f5 28. Re5 Kd7 29. Rde1 Rc6 30. Nxc6 Kxc6 31. R5e3 Bd6 32. Rb3 Bc5+ 33. Kg2
Ra8 34. Ra1 Kd6 35. Bf3 Bd7 36. a6 bxa6 37. b7 Rb8 38. Rxa6+ Bc6 39. c4 1-0

[Event "USCL Philadelphia vs Boston"]
[Site "Internet Chess Club"]
[Date "2007.09.12"]
[Round "3"]
[White "Sammour-Hasbun, Jorge"]
[Black "Smith, Bryan"]
[Result "1-0"]
[WhiteElo "2576"]
[BlackElo "2442"]
[PlyCount "90"]
[EventDate "2007.??.??"]

1. e4 c5 2. Nf3 d6 3. d4 cxd4 4. Nxd4 Nf6 5. Nc3 g6 6. Be3 Bg7 7. f3 a6 8. Qd2
Nbd7 9. Be2 b6 10. O-O-O Bb7 11. g4 Nc5 12. Bh6 Bxh6 13. Qxh6 e5 14. Nb3 Ne6
15. Qd2 Ke7 16. Kb1 Qc7 17. h4 Rhd8 18. Qh6 Rac8 19. Bxa6 Nf4 20. Bxb7 Qxb7 21.
Rhe1 Rxc3 22. bxc3 Qa6 23. Kb2 Ra8 24. a4 Qc4 25. Qg5 Rc8 26. Rxd6 Qxc3+ 27.
Ka3 Ne6 28. Qd2 Qxf3 29. Qb4 Nc5 30. Rxb6 Nfd7 31. Rb5 Kf6 32. Qc4 Nxb3 33. Rf1
Rxc4 34. Rxf3+ Ke6 35. cxb3 Rxe4 36. a5 Rxg4 37. a6 Rg1 38. Rf2 Rc1 39. a7 Rc8
40. Rb7 Ra8 41. Rc2 e4 42. Rcc7 Ne5 43. Rb8 Rxa7+ 44. Rxa7 e3 45. Re8+ Kf5 1-0

[Event "USCL Queens vs Dallas"]
[Site "Internet Chess Club"]
[Date "2007.09.12"]
[Round "3"]
[White "Stripunsky, Alex"]
[Black "Boskovic, Drasko"]
[Result "0-1"]
[WhiteElo "2686"]
[BlackElo "2520"]
[PlyCount "84"]
[EventDate "2007.??.??"]

1. Nf3 c5 2. g3 g6 3. Bg2 Bg7 4. e4 Nc6 5. O-O d6 6. Re1 e5 7. Nc3 Nge7 8. Nd5
Nxd5 9. exd5 Ne7 10. c3 O-O 11. d4 exd4 12. cxd4 Nxd5 13. Bg5 Nf6 14. Qd2 Qb6
15. Rac1 Be6 16. b3 Rac8 17. dxc5 dxc5 18. Ne5 Rfd8 19. Qe2 Re8 20. Nc4 Qa6 21.
Bxf6 Bxf6 22. Qf3 Bxc4 23. bxc4 Bd4 24. Re2 b5 25. cxb5 Qxb5 26. Rec2 Re5 27.
Bf1 Qd7 28. Bc4 Rf5 29. Qd3 Qd6 30. Re1 Qf6 31. Ree2 h5 32. Kg2 h4 33. f4 Kg7
34. Re4 hxg3 35. hxg3 Rh8 36. Rce2 Qc6 37. Qb3 Rfh5 38. Qb5 Rh1 39. Kf3 Rf1+
40. Kg2 Rg1+ 41. Kf3 Rh3 42. f5 Rhxg3+ 0-1

[Event "USCL Miami vs Carolina"]
[Site "Internet Chess Club"]
[Date "2007.09.12"]
[Round "3"]
[White "Schroer, Jonathan"]
[Black "Lugo, Blas"]
[Result "1-0"]
[WhiteElo "2449"]
[BlackElo "2430"]
[PlyCount "71"]
[EventDate "2007.??.??"]

1. d4 d5 2. c4 c6 3. Nf3 Nf6 4. Nc3 e6 5. Bg5 dxc4 6. e4 b5 7. e5 h6 8. Bh4 g5
9. Nxg5 hxg5 10. Bxg5 Be7 11. exf6 Bxf6 12. Be3 Nd7 13. Qf3 Bb7 14. Ne4 Be7 15.
O-O-O Nf6 16. Nc5 Bxc5 17. dxc5 Nd5 18. g3 Qa5 19. Bd4 Rf8 20. a3 O-O-O 21. h4
Ba6 22. Bc3 Qa4 23. Be2 Qb3 24. Rxd5 Rxd5 25. Kb1 Rfd8 26. h5 Kb7 27. h6 Rf5
28. Qe3 b4 29. axb4 Rd3 30. Qc1 Rxf2 31. h7 Rxe2 32. h8=Q Bb5 33. Qe8 Ba4 34.
Rh8 Rxb2+ 35. Bxb2 c3 36. Qc8# 1-0

[Event "USCL Baltimore vs New Jersey"]
[Site "Internet Chess Club"]
[Date "2007.09.12"]
[Round "3"]
[White "Ippolito, Dean"]
[Black "Enkhbat, Tegshsuren"]
[Result "1-0"]
[WhiteElo "2433"]
[BlackElo "2397"]
[PlyCount "113"]
[EventDate "2007.??.??"]

1. d4 d5 2. c4 c6 3. Nc3 Nf6 4. e3 a6 5. Nf3 b5 6. b3 Bg4 7. Be2 e6 8. O-O Nbd7
9. h3 Bf5 10. Ne5 Nxe5 11. dxe5 Nd7 12. cxd5 cxd5 13. Bb2 Bc5 14. Bg4 Bxg4 15.
Qxg4 O-O 16. Ne2 Qe7 17. Nf4 Rfc8 18. Rfc1 Bb6 19. a4 Qb4 20. axb5 Rxc1+ 21.
Rxc1 axb5 22. Bd4 Qd2 23. Rd1 Qc2 24. Re1 Bxd4 25. exd4 Qc3 26. Qd1 Ra3 27. Re3
Ra1 28. Rxc3 Rxd1+ 29. Kh2 Rxd4 30. Rc8+ Nf8 31. g3 g6 32. Kg2 Rb4 33. Rc3 Re4
34. Nd3 Kg7 35. Rc7 g5 36. Rb7 Ng6 37. b4 h5 38. Nc5 Rxe5 39. Rxb5 Re1 40. Rb7
g4 41. hxg4 hxg4 42. b5 Kf6 43. Nd7+ Kg7 44. b6 Ne5 45. Nxe5 Rxe5 46. Rxf7+
Kxf7 47. b7 Re4 48. b8=Q Rc4 49. Qe5 Re4 50. Qg5 Rc4 51. Qh6 Ra4 52. Qh7+ Kf6
53. Qh8+ Kf7 54. Qe5 Rc4 55. f4 gxf3+ 56. Kxf3 Re4 57. Qh5+ 1-0

[Event "USCL Baltimore vs New Jersey"]
[Site "Internet Chess Club"]
[Date "2007.09.12"]
[Round "3"]
[White "Blehm, Pawel"]
[Black "Benjamin, Joel"]
[Result "1/2-1/2"]
[WhiteElo "2580"]
[BlackElo "2651"]
[PlyCount "178"]
[EventDate "2007.??.??"]

1. e4 e6 2. d4 d5 3. Nd2 c5 4. exd5 exd5 5. Ngf3 a6 6. Be2 c4 7. O-O Bd6 8. b3
cxb3 9. axb3 Ne7 10. Ne5 O-O 11. Ndf3 Nbc6 12. Re1 Bf5 13. Bd3 Rc8 14. Nxc6
Rxc6 15. c4 Bg6 16. c5 Bc7 17. Bg5 f6 18. Bh4 Qd7 19. b4 Re6 20. Qd2 Be4 21.
Bg3 Rc8 22. Qc2 Bxd3 23. Qxd3 Nc6 24. Rxe6 Qxe6 25. b5 axb5 26. Qxb5 Bxg3 27.
hxg3 Qd7 28. Rb1 Rc7 29. Qa4 Qc8 30. Ne1 Re7 31. Nf3 Kf7 32. Qc2 g6 33. Qb3 Qd7
34. Qa2 Qf5 35. g4 Qxg4 36. Qxd5+ Qe6 37. Qd6 Qxd6 38. cxd6 Rd7 39. d5 Na5 40.
Nd2 Rxd6 41. Rb5 Ra6 42. Ne4 b6 43. Nd6+ Ke7 44. Nc8+ Kd7 45. Nxb6+ Kc7 46. Na4
Nb7 47. Nc3 Nd6 48. Rb4 Ra5 49. Ne4 Nxe4 50. Rxe4 Rxd5 51. Re7+ Rd7 52. Re6 Rd6
53. Re7+ Rd7 54. Re6 Rf7 55. g3 Kd7 56. Ra6 Ke7 57. Kg2 Kf8 58. Rb6 Kg7 59. Ra6
Rb7 60. Rc6 h5 61. Ra6 g5 62. Rc6 Kg6 63. Rc8 g4 64. Rg8+ Kf5 65. Rh8 Kg6 66.
Rg8+ Kh7 67. Rc8 Kg7 68. Rd8 Rb5 69. Rd7+ Kg6 70. Rd8 Ra5 71. Rg8+ Kh7 72. Rf8
Kg7 73. Rc8 Ra7 74. Rc5 Kg6 75. Rc8 f5 76. Rc6+ Kg5 77. Rc8 Rf7 78. Rg8+ Kf6
79. Rh8 Kg6 80. Rg8+ Rg7 81. Ra8 Rf7 82. Rg8+ Kh7 83. Rc8 f4 84. gxf4 Rxf4 85.
Rc6 Rf3 86. Rb6 Kg7 87. Rc6 Rf6 88. Rxf6 Kxf6 89. f3 Kg5 1/2-1/2

[Event "USCL Miami vs Carolina"]
[Site "Internet Chess Club"]
[Date "2007.09.12"]
[Round "3"]
[White "Jones, Craig"]
[Black "Mederos, Dennis"]
[Result "1/2-1/2"]
[WhiteElo "2323"]
[BlackElo "2062"]
[PlyCount "108"]
[EventDate "2007.??.??"]

1. Nf3 c5 2. c4 Nc6 3. Nc3 g6 4. e3 Nf6 5. d4 d6 6. d5 Nb8 7. e4 e5 8. dxe6
fxe6 9. e5 dxe5 10. Qxd8+ Kxd8 11. Bg5 Ke7 12. Nxe5 Bg7 13. Ne4 b6 14. Ng4 Nbd7
15. O-O-O Rf8 16. h4 Kf7 17. Nd6+ Kg8 18. Nxf6+ Nxf6 19. Be2 Ba6 20. Bf3 Rab8
21. Rhe1 b5 22. cxb5 Bxb5 23. Rxe6 c4 24. Rd2 Ne8 25. Nxb5 Rxb5 26. Bc6 Rb8 27.
Bxe8 Rfxe8 28. Rxe8+ Rxe8 29. Kc2 Rb8 30. Rd8+ Rxd8 31. Bxd8 Kf7 32. b3 cxb3+
33. axb3 Ke6 34. Kd3 Kd5 35. g4 h5 36. f3 Bd4 37. Bg5 a6 38. gxh5 gxh5 39. f4
Bb6 40. f5 Ke5 41. f6 Ke6 42. Kc3 a5 43. Kc4 Bf2 44. Kb5 Be1 45. Kb6 Bc3 46.
Kc7 Bd4 47. Kc6 Bc3 48. Kc5 Bb2 49. Kc4 Be5 50. Kb5 Bc3 51. Kb6 Bb4 52. Kc6 Bc3
53. Kc5 Bb2 54. Kc4 Be5 1/2-1/2

[Event "USCL Miami vs Carolina"]
[Site "Internet Chess Club"]
[Date "2007.09.12"]
[Round "3"]
[White "Martinez, Marcel"]
[Black "Zaikov, Oleg"]
[Result "0-1"]
[WhiteElo "2462"]
[BlackElo "2369"]
[PlyCount "100"]
[EventDate "2007.??.??"]

1. Nf3 Nf6 2. g3 c5 3. c4 b6 4. Bg2 Bb7 5. O-O Nc6 6. Nc3 g6 7. e3 Bg7 8. d4
Na5 9. d5 Nxc4 10. e4 O-O 11. Qd3 Na5 12. e5 Ne8 13. Re1 Nc7 14. Bg5 h6 15. Bf4
e6 16. d6 Nd5 17. Ne4 Nb4 18. Qd2 Nc4 19. Qc1 b5 20. Bf1 Bxe4 21. Rxe4 f5 22.
Rxc4 bxc4 23. Bxh6 Nd3 24. Bxd3 cxd3 25. Bxg7 Kxg7 26. Qc3 Qb6 27. b3 a5 28. a4
Rab8 29. Nd2 Qb4 30. Qxd3 Qd4 31. Qxd4 cxd4 32. Rc1 Rfc8 33. Rxc8 Rxc8 34. Nc4
g5 35. Kf1 g4 36. Ke1 Rc5 37. Kd2 Kf7 38. Kd3 Rd5 39. Nb6 Rxe5 40. Kxd4 Re4+
41. Kc5 Ke8 42. Nc4 Re2 43. Nxa5 Rxf2 44. b4 Rxh2 45. b5 f4 46. b6 fxg3 47. Kb4
Kf7 48. b7 Rh8 49. Nc4 g2 50. Ne5+ Kg7 0-1

[Event "USCL Queens vs Dallas"]
[Site "Internet Chess Club"]
[Date "2007.09.12"]
[Round "3"]
[White "Zorigt, Bayaraa"]
[Black "Thaler, Michael"]
[Result "1-0"]
[WhiteElo "2207"]
[BlackElo "2112"]
[PlyCount "145"]
[EventDate "2007.??.??"]

1. e4 c5 2. Nf3 e6 3. d4 cxd4 4. Nxd4 a6 5. Bd3 Bc5 6. Nb3 Ba7 7. Qe2 Nc6 8.
O-O Nge7 9. c4 O-O 10. Nc3 d6 11. Be3 e5 12. Bxa7 Rxa7 13. Rfd1 Be6 14. Qe3 Qb8
15. Rac1 Rd8 16. Nd5 b5 17. a3 Rb7 18. c5 dxc5 19. Nxc5 Ra7 20. Nxe7+ Nxe7 21.
b4 Rc8 22. Nxe6 fxe6 23. Qh3 Qb6 24. Rxc8+ Nxc8 25. Rc1 Ne7 26. Bb1 Rd7 27. Ba2
Rd6 28. Qg4 Kh8 29. Qf3 Qd8 30. h3 Nc6 31. Qf7 Qg8 32. Qc7 Qf8 33. Rf1 Nd4 34.
Kh1 Ne2 35. Re1 h6 36. Qc2 Nd4 37. Qb2 Rc6 38. Bb1 Qf4 39. Kg1 Rc8 40. Bd3 g5
41. Rd1 g4 42. hxg4 Qxg4 43. Rc1 Rg8 44. g3 Nf3+ 45. Kg2 Nh4+ 46. Kh2 Qh5 47.
Be2 Nf3+ 48. Kg2 Qh2+ 49. Kxf3 Rf8+ 50. Ke3 Qxf2+ 51. Kd3 Rd8+ 52. Kc2 Qxe2+
53. Kb1 Qxe4+ 54. Ka1 Qd4 55. Re1 Qxb2+ 56. Kxb2 Rd5 57. a4 Kg7 58. a5 Kf6 59.
Rc1 Rd2+ 60. Kc3 Rf2 61. Rh1 Rf3+ 62. Kb2 Kg6 63. Rd1 e4 64. Rd6 Kf6 65. Rxa6
e3 66. Kc2 e2 67. Kd2 Re3 68. Ke1 Ke5 69. Rb6 Kd5 70. Rxb5+ Kd4 71. a6 Kd3 72.
Ra5 Rf3 73. Ra3+ 1-0

[Event "USCL Queens vs Dallas"]
[Site "Internet Chess Club"]
[Date "2007.09.12"]
[Round "3"]
[White "Kuljasevic, Davorin"]
[Black "Vovsha, Eli"]
[Result "1/2-1/2"]
[WhiteElo "2491"]
[BlackElo "2495"]
[PlyCount "150"]
[EventDate "2007.??.??"]

1. d4 d6 2. Nf3 Bg4 3. c4 Bxf3 4. exf3 Nd7 5. Nc3 g6 6. Be3 Bg7 7. Qd2 c6 8. h4
h5 9. Be2 Nb6 10. d5 Nf6 11. g4 cxd5 12. cxd5 Rc8 13. Bd4 Kf8 14. b3 Kg8 15.
Rd1 a6 16. Kf1 Nbd7 17. Kg2 b5 18. Rc1 b4 19. Na4 hxg4 20. fxg4 Rxc1 21. Rxc1
Rxh4 22. f3 Bh6 23. Qe1 Bxc1 24. Qxh4 Bf4 25. g5 Nh5 26. Bxa6 Qa8 27. Bc4 Ne5
28. Bxe5 Bxe5 29. Kf1 Ng3+ 30. Kg2 Qa7 31. Bb5 Qe3 32. Qxb4 Qc1 33. Bd3 Qh1+
34. Kf2 Qh2+ 35. Ke3 Qg1+ 36. Kd2 Qf2+ 37. Kc1 Qxf3 38. Qc4 Qe3+ 39. Kb1 Nf5
40. Bxf5 gxf5 41. Qc8+ Kg7 42. Qxf5 Qe1+ 43. Kc2 Qe2+ 44. Kc1 Qxa2 45. Qf3 Kg6
46. Kd1 Kxg5 47. Nb6 Qb1+ 48. Ke2 Qc2+ 49. Kf1 Qc1+ 50. Ke2 Qb2+ 51. Kf1 Qc1+
52. Ke2 Qc2+ 53. Kf1 Bf4 54. Nc4 e6 55. Ke1 e5 56. Nxd6 f5 57. Kf1 Qc1+ 58. Kg2
Qc2+ 59. Kf1 Qb1+ 60. Kg2 Qa2+ 61. Kf1 Qa1+ 62. Kg2 Qa2+ 63. Kg1 Qa7+ 64. Kg2
e4 65. Nxe4+ fxe4 66. Qxe4 Qa2+ 67. Kf3 Qxb3+ 68. Ke2 Qb2+ 69. Kd3 Qb3+ 70. Kd4
Qb4+ 71. Kd3 Qd2+ 72. Kc4 Qc1+ 73. Kb5 Qc7 74. Qe8 Bd6 75. Qc6 Qxc6+ 1/2-1/2

[Event "USCL Seattle vs Tennessee"]
[Site "Internet Chess Club"]
[Date "2007.09.12"]
[Round "3"]
[White "Tangborn, Eric"]
[Black "Burnett, Ron"]
[Result "1-0"]
[WhiteElo "2475"]
[BlackElo "2407"]
[PlyCount "85"]
[EventDate "2007.??.??"]

1. c4 g6 2. Nc3 Bg7 3. g3 c5 4. Bg2 Nc6 5. a3 d6 6. Rb1 a5 7. Nf3 e5 8. d3 Nge7
9. O-O Rb8 10. Bd2 O-O 11. Ne1 Be6 12. Nc2 d5 13. cxd5 Nxd5 14. Nxd5 Bxd5 15.
Bxd5 Qxd5 16. b4 cxb4 17. axb4 b6 18. Ne3 Qe6 19. bxa5 bxa5 20. Nc4 Rxb1 21.
Qxb1 Rb8 22. Qa2 e4 23. Bf4 Rb2 24. Qa4 Rxe2 25. Nd6 Nd4 26. Rb1 h5 27. Nxe4
Rxe4 28. dxe4 g5 29. Be3 Qxe4 30. Rb8+ Kh7 31. Bxd4 Bxd4 32. Qd1 Kg6 33. Rd8
Bc5 34. Rd5 Bb4 35. h4 f5 36. Rb5 gxh4 37. Rb6+ Kg7 38. Qxh5 Qe1+ 39. Kg2 h3+
40. Qxh3 Qe4+ 41. Kh2 Bd2 42. Qh5 f4 43. Qh6+ 1-0

[Event "USCL Seattle vs Tennessee"]
[Site "Internet Chess Club"]
[Date "2007.09.12"]
[Round "3"]
[White "Larson, Gerald"]
[Black "Readey, John"]
[Result "0-1"]
[WhiteElo "2120"]
[BlackElo "2312"]
[PlyCount "106"]
[EventDate "2007.??.??"]

1. e4 d6 2. d4 Nf6 3. Nc3 g6 4. f4 Bg7 5. Nf3 O-O 6. Be3 b6 7. Qd2 Bb7 8. e5
Ng4 9. O-O-O c5 10. dxc5 bxc5 11. Bxc5 Qa5 12. Ba3 dxe5 13. h3 Bh6 14. Ng5 exf4
15. hxg4 Bxg5 16. Kb1 Rc8 17. Ne4 Qxd2 18. Nxd2 Rd8 19. Be2 Nc6 20. Ne4 h6 21.
Nc5 Rab8 22. Bf3 Ba8 23. Nd7 Rbc8 24. Rd3 Rxd7 25. Rxd7 Ne5 26. Rxa7 Nxf3 27.
Rxa8 Nd2+ 28. Kc1 Rxa8 29. Kxd2 f3+ 30. Ke1 fxg2 31. Rg1 f5 32. gxf5 gxf5 33.
Rxg2 e5 34. Be7 Kf7 35. Bxg5 hxg5 36. Rxg5 Kf6 37. Rg3 Rxa2 38. Rb3 Ra4 39. Ke2
f4 40. Rb8 Kf5 41. b3 Ra2 42. Rf8+ Ke4 43. Rc8 Ra7 44. Rc4+ Kd5 45. Rc8 Rh7 46.
b4 e4 47. Rc5+ Ke6 48. Rc4 Rh2+ 49. Kf1 Kd5 50. Rc8 e3 51. Re8 Rxc2 52. b5 Rb2
53. Rf8 Ke4 0-1

[Event "USCL Seattle vs Tennessee"]
[Site "Internet Chess Club"]
[Date "2007.09.12"]
[Round "3"]
[White "Andrews, Todd"]
[Black "Schmidt, Loren"]
[Result "1/2-1/2"]
[WhiteElo "2337"]
[BlackElo "2430"]
[PlyCount "174"]
[EventDate "2007.??.??"]

1. e4 Nf6 2. e5 Nd5 3. d4 d6 4. exd6 cxd6 5. c4 Nb6 6. Nc3 g6 7. Be3 Bg7 8. Rc1
O-O 9. b3 e5 10. dxe5 dxe5 11. Qxd8 Rxd8 12. c5 N6d7 13. Nf3 Nc6 14. Bc4 h6 15.
Ne4 Na5 16. Be2 f5 17. Nd6 Bf8 18. O-O Nc6 19. g3 Nf6 20. Bc4+ Kg7 21. Nf7 f4
22. Nxd8 fxe3 23. Nxc6 exf2+ 24. Rxf2 bxc6 25. b4 a5 26. Nxe5 axb4 27. Bb3 Ra5
28. Nxc6 Rxc5 29. Rfc2 Rxc2 30. Rxc2 Bf5 31. Rc1 Ne4 32. Kf1 Nc5 33. Nd4 Bh3+
34. Ke2 Bg4+ 35. Ke3 Be7 36. h4 g5 37. h5 Bd6 38. Bd5 Nd7 39. Rf1 Nf6 40. Be6
Bxe6 41. Nxe6+ Kf7 42. Nd8+ Kg7 43. Nc6 Nxh5 44. g4 Nf6 45. Kf3 h5 46. gxh5
Nxh5 47. Kg4 Kg6 48. Rb1 Nf6+ 49. Kf3 g4+ 50. Kg2 Nd5 51. Kf2 Kf5 52. Nd4+ Ke4
53. Nc2 g3+ 54. Kg2 Kd3 55. Rd1+ Kxc2 56. Rxd5 Bf4 57. Rd4 Bd2 58. Kxg3 Bc3 59.
Re4 Kb2 60. Re2+ Ka3 61. Kf3 Bb2 62. Ke3 Kxa2 63. Kd3 Kb3 64. Re1 Bc3 65. Rb1+
Bb2 66. Kd2 Ka2 67. Rh1 Kb3 68. Rh3+ Bc3+ 69. Kc1 Kc4 70. Kc2 b3+ 71. Kc1 Be5
72. Rf3 Bc3 73. Kb1 Be5 74. Re3 Bc3 75. Re8 Bd4 76. Kc1 Bc3 77. Rc8+ Kd3 78.
Kb1 Be5 79. Rc5 Bd4 80. Rb5 Kc4 81. Rb7 Be5 82. Kc1 Bc3 83. Kd1 Be5 84. Kd2
Bc3+ 85. Ke3 Bd4+ 86. Ke4 Bc5 87. Rxb3 Kxb3 1/2-1/2